000 01366nam a2200349Ia 4500
001 ebr10053303
003 CaPaEBR
006 m u
007 cr cn|||||||||
008 020424s2002 ne sb 000 0 eng d
010 _z 2002069420
020 _z0306475715 (eBook)
020 _z140200625X (alk. paper)
040 _aCaPaEBR
_cCaPaEBR
035 _a(OCoLC)70738175
050 1 4 _aQA402.3
_b.L93 2002eb
082 0 4 _a003.5
_221
100 1 _aLyashko, Sergei I.
245 1 0 _aGeneralized optimal control of linear systems with distributed parameters
_h[electronic resource] /
_cby Sergei I. Lyashko.
260 _aDordrecht ;
_aBoston :
_bKluwer Academic,
_cc2002.
300 _axvi, 456 p.
490 1 _aApplied optimization ;
_vvol. 69
504 _aIncludes bibliographical references (p. [443]-453).
533 _aElectronic reproduction.
_bPalo Alto, Calif. :
_cebrary,
_d2009.
_nAvailable via World Wide Web.
_nAccess may be limited to ebrary affiliated libraries.
650 0 _aControl theory.
650 0 _aMathematical optimization.
650 0 _aDistributed parameter systems.
655 7 _aElectronic books.
_2local
710 2 _aebrary, Inc.
830 0 _aApplied optimization ;
_vv. 69.
856 4 0 _uhttp://site.ebrary.com/lib/rucke/Doc?id=10053303
_zAn electronic book accessible through the World Wide Web; click to view
999 _c169991
_d169991